Chargement en cours...

Of mothers and others /

Détails bibliographiques
Autres auteurs: Misra , Jaishree (Éditeur intellectuel)
Langue:Undetermined
Publié: New Delhi : Zubaan , 2013.
LEADER 00498nam a2200157Ia 4500
001 184255
008 170722s9999 xx 000 0 und d
020 |a 9789381017869 
245 |a Of mothers and others / 
260 |a New Delhi :  |b Zubaan ,  |c 2013. 
300 |a 285 p. 
700 |a Misra , Jaishree  |e editor. 
923 |d 20131108  |n 328 
942 |c GEN 
999 |c 151791  |d 151791 
952 |0 0  |1 0  |4 0  |6 O_2Y15X_Q3  |7 0  |9 213711  |a LIB  |b LIB  |d 2014-01-13  |e D C Books  |o O-2(Y15)x Q3  |p 294070  |r 2017-08-12  |v 495.00  |w 2017-08-12  |y GEN